Thời thơ ấu (Record no. 6)
[ view plain ]
| 000 -Trường điều khiển | |
|---|---|
| 00631nam a2200229 a 4500 | |
| 001 - Mã điều khiển nội bộ | |
| CL000065802 | |
| 005 - Thời gian thao tác lần cuối với biểu ghi | |
| 20240524070640.0 | |
| 008 - Trường có độ dài cố định -- Thông tin chung tài liệu | |
| 041025s2002 vm vie d | |
| 040 ## - Thông tin cơ quan biên mục | |
| Cơ quan biên mục gốc | DLC |
| Ngôn ngữ biên mục | vie |
| Quy tắc mô tả | AACR2 |
| 041 ## - Mã ngôn ngữ | |
| Mã ngôn ngữ của chính văn | vie |
| 082 04 - Ký hiệu phân loại DDC | |
| Chỉ số DDC | 779.25 |
| Chỉ số Cutter | B1115H |
| 100 1# - Tiêu đề chính -- Tên cá nhân | |
| Họ tên cá nhân | Nguyễn, Bá Hân |
| 245 10 - Nhan đề chính | |
| Nhan đề chính | Thời thơ ấu |
| Phần còn lại của nhan đề | : Childhood |
| Thông tin trách nhiệm | / Nguyễn Bá Hân |
| 246 11 - Nhan đề khác | |
| Nhan đề khác | Childhood |
| 260 ## - Địa chỉ xuất bản | |
| Nơi xuất bản | TP. Hồ Chí Minh |
| Nhà xuất bản | : TP. Hồ Chí Minh |
| Năm xuất bản | , 2002 |
| 300 ## - Mô tả vật lý | |
| Độ lớn/Số trang | 99tr. |
| Minh họa, phụ bản | : minh họa hình ảnh |
| Kích thước, khổ cỡ | ; 25 cm |
| 653 #0 - Thuật ngữ chủ đề không kiểm soát | |
| Từ khóa | Children |
| 653 #0 - Thuật ngữ chủ đề không kiểm soát | |
| Từ khóa | Photography of children |
| 653 #4 - Thuật ngữ chủ đề không kiểm soát | |
| Từ khóa | Ảnh trẻ em |
| 653 #4 - Thuật ngữ chủ đề không kiểm soát | |
| Từ khóa | Trẻ em |
| 942 ## - Định dạng tài liệu (KOHA) | |
| Nguồn phân loại | Dewey Decimal Classification |
| Kiểu tài liệu (Koha) | Books |
| Ngày ghi mượn cuối | Số lần ghi mượn | Ký hiệu phân loại | Đăng ký cá biệt | Cập nhật lần cuối | Số bản sao | Ngày áp dụng giá thay thế | Kiểu tài liệu | Trạng thái mất tài liệu | Nguồn phân loại | Trạng thái hư hỏng | Không cho mượn về | Trạng thái lưu thông | Thư viện sở hữu | Thư viện lưu trữ | Ngày bổ sung |
|---|---|---|---|---|---|---|---|---|---|---|---|---|---|---|---|
| 24/05/2024 | 1 | 779.25 B1115H | DL00000005 | 21/06/2024 | 1 | 09/05/2024 | Sách giáo khoa | Dewey Decimal Classification | Sẵn sàng lưu thông | Trường K12_01 | Trường K12_01 | 09/05/2024 |
